000 00699nam a22001937a 4500
005 20251108170525.0
008 250721s2000 xx 000 0 ara d
082 1 4 _a658.402/قري
100 1 _aالقريوتي، محمد قاسم
245 1 0 _aالسلوك التنظيمي :
_bدراسة السلوك الإنساني الفردي و الجماعي في المنظمات المختلفة /
250 _aط . ، مزيدة و منقحة
264 1 _aعمان :
_bدار الشروق،
_c2000.
300 _a421ص
650 1 7 _aإدارة الأعمال
650 1 7 _aالسلوك التنظيمي
650 1 7 _aالإتصالات الإدارية
942 _2ddc
_cBK
999 _c42604
_d42604